000 00719nam a2200229Ia 4500
003 OSt
005 20220923220312.0
006 a|||||r|||| 00| 0
007 ta
008 220922b |||||||| |||| 00| 0 hin d
024 _a185,814
037 _cTextual
040 _aARTS
_cARTS
_bhin
041 _2hin
_ahin
082 _aY15.2.N7, 152L5
245 0 _aभारतीय समाज में स्त्रियों की परिस्थियां
246 _aBhāratīya samāj mean striyoan kī paristhiyāan
260 _aदिल्ली
_b प्रकाशन
_c1975
300 _a215 पृ.
_ccm.
942 _hY15.2.N7, 152L5
_cTEXL
_2CC
999 _c339060
_d339060